Epidemiology of foot and mouth disease in mukampoul district, kandal province, កំរិតឆ្លងរាលដាលនៃជំងឺអុតក្តាមនៅក្នុងស្រុកមុខកំពុល ខេត្តកណ្តាល (Record no. 2239)

000 -LEADER
fixed length control field 00623nam a22001577a 4500
003 - CONTROL NUMBER IDENTIFIER
control field OSt
005 - DATE AND TIME OF LATEST TRANSACTION
control field 20151008154003.0
008 - FIXED-LENGTH DATA ELEMENTS--GENERAL INFORMATION
fixed length control field 151008b xxu||||| |||| 00| 0 eng d
040 ## - CATALOGING SOURCE
Transcribing agency RUA
082 ## - DEWEY DECIMAL CLASSIFICATION NUMBER
Classification number AVM KHA 2007 B080 Or.1
100 ## - MAIN ENTRY--PERSONAL NAME
9 (RLIN) 2377
Personal name KHAN, LYNA.
245 ## - TITLE STATEMENT
Title Epidemiology of foot and mouth disease in mukampoul district, kandal province, កំរិតឆ្លងរាលដាលនៃជំងឺអុតក្តាមនៅក្នុងស្រុកមុខកំពុល ខេត្តកណ្តាល
260 ## - PUBLICATION, DISTRIBUTION, ETC. (IMPRINT)
Place of publication, distribution, etc. Phnom Penh
Name of publisher, distributor, etc. RUA
Date of publication, distribution, etc. 2007
300 ## - PHYSICAL DESCRIPTION
Extent xiv; 41p.
Other physical details ill.
Dimensions 29cm.
942 ## - ADDED ENTRY ELEMENTS (KOHA)
Source of classification or shelving scheme
Koha item type AVM
Holdings
Price effective from Date last seen Permanent Location Not for loan Date acquired Source of classification or shelving scheme Koha item type Lost status Withdrawn status Date last checked out Total Checkouts Shelving location Damaged status Barcode Current Location Full call number
2015-10-082015-10-08Library Block B 2015-10-08 AVM    B080 RUA017303Library Block BAVM KHA 2007 B080 Or.1
2015-10-082015-10-08Library Block B 2015-10-08 AVM    B080 RUA017508Library Block BAVM KHA 2007 B080 Or.2
2015-10-082015-10-08Library Block B 2015-10-08 AVM    B080 RUA009509Library Block BAVM KHA 2007 B080 Or.3
2015-10-082022-11-28Library Block B 2015-10-08 AVM  2022-11-161B080 RUA015209Library Block BAVM KHA 2007 B080 Or.5
2015-10-082015-10-08Library Block B 2015-10-08 AVM    B080 RUA016718Library Block BAVM KHA 2007 B080 Or.5
មជ្ឈមណ្ឌលឯការនៃសាកលវិទ្យាល័យភូមិន្ទកសិកម្មចំការដូង

Powered by Koha